Fit for work : A Practical guide to good health for people who sit on the job

Bibliographic Details
Main Author: Donkin, Scott
Format: Book
Published: London : Kogan Page Ltd , 1987
Subjects:

MARC

LEADER 00000cam a2200000 7i4500
001 0000009271
002 000010101
005 20000330.0
020 |a 1850919763 
090 0 0 |a 301.4445   |b DON 
100 0 |a Donkin, Scott 
245 1 0 |a Fit for work :   |b A Practical guide to good health for people who sit on the job   |c Scott W. Donkin 
260 |a London :   |b Kogan Page Ltd ,   |c 1987 
300 |a 138p. :   |b ill ;   |c 21cm. 
650 0 0 |a Relaxation 
650 0 0 |a Stress management 
999 |a 042850   |b BUKU   |c PINJAMAN   |e PERPUSTAKAAN KOMUNITI PETALING JAYA